| 000 | 00600 a2200169 4500 | ||
|---|---|---|---|
| 020 | _a0517118882 (hardcover) | ||
| 020 | _a9780517118887 (hardcover) | ||
| 090 |
_c4739 _d4739 |
||
| 100 | 1 | _aPublishing, Rh Value. | |
| 245 | 1 | 0 |
_aWebster's encyclopedic unabridged dictionary of the english language : _bdeluxe edition / _cRh Value Publishing. |
| 250 | _aUnabridged ed. | ||
| 260 |
_a[S.l.] : _bGramercy, _c1994. |
||
| 300 |
_a1 v. (unpaged) ; _c29 cm. |
||
| 500 | _aUnabridged. | ||
| 856 | 4 | 0 |
_3Amazon.com _uhttp://www.amazon.com/exec/obidos/ASIN/0517118882/chopaconline-20 |
| 942 |
_aNBS _cBK _k423 WEB |
||
| 999 |
_c347171 _d347171 |
||